| 000 | 01691nam a2200253 i 4500 | ||
|---|---|---|---|
| 001 | 186967 | ||
| 003 | SpMaBN | ||
| 005 | 20250910213844.0 | ||
| 008 | 170310m19701972sp acf |||| |dspa d | ||
| 080 | _a94(100)"15/17" | ||
| 080 | _a94(100)"18/..." | ||
| 245 | 0 | 0 |
_aHistoria del mundo moderno / _c[dirección, revisión y presentación de la edición española, Juan Reglá ; traducción, María Casamar]. |
| 260 |
_aBarcelona : _bRamón Sopena, _c[1970-1972] |
||
| 300 |
_a8 v. : _bil., lám. col., retr. ; _c26 cm. |
||
| 500 | _aÍndices. | ||
| 505 | 8 |
_aContiene: I ; _tEl Renacimiento, 1493-1520 / _rbajo la dirección de George Richard Potter (XLV, 368 p.) - II. -- _tLa Reforma, 1520-1559 / _rdir. de Geoffrey Rudolph Elton (XIX, 458 p.) - V. -- _tLa supremacía de Francia, 1648-1688 / _rdir. de Francis Ludwig Carsten (XII, 467 p.) - VII. -- _tEl antiguo régimen, 1713-1763 / _rdir. de J.O. Lindsay (XXIV, 454 p.) - VIII. -- _tLas revoluciones de América y Francia, 1763-93 / _rdir. de A. Goodwin (X, 540 p.) - IX. -- _tGuerra y paz en tiempos de revolución, 1793-1830 / _rdir. de C.W. Crawley (LXXXII, 493 p.) - X. -- _tEl cenit del poder europeo, 1830-1870 / _rdir. de John Patrick Tuer Bury (LXVIII, 516 p.) - XI. -- _tEl progreso material y los problemas mundiales, 1870-1898 [/1901] / _rdir. de F.H. Hinsley (XXV, 516 p.) |
|
| 596 | _aPrecede al tít.: Cambridge University Press. | ||
| 650 | 7 |
_aHistoria moderna _2embne _913420 |
|
| 650 | 0 | 7 |
_aHistoria contemporánea _2embne _913393 |
| 700 | 1 |
_aReglá, Juan, _d1917-1973 _995897 |
|
| 710 | 2 |
_aCambridge University Press. _9134212 |
|
| 852 |
_aES-MaACL _jL-31216-23 _z- enc. cart. |
||
| 999 |
_c186967 _d186967 |
||